000 00725nam a2200181Ia 4500
008 090124s9999 xx 000 0 und d
082 _b46012
100 _aलिमय़े इंदू म.
245 _a समर्थ रामदासांची अप्रकाशित अमृतवाणी
250 _a1
260 _c2005
300 _a461+11
600 _aलिमय़े इंदू म.
630 _a समर्थ रामदासांची अप्रकाशित अमृतवाणी
700 _aलिमय़े इंदू म.
730 _a समर्थ रामदासांची अप्रकाशित अमृतवाणी
942 _cBOOK
999 _c112199
_d112199